Sports Quiz

Random Sports or Hockey Quiz

NHL: Detroit Red Wings Top 50 Games Played Quiz Stats

 Plays Quiz not verified by Sporcle

Score 0/50 Timer 08:00
0 Plays Today
Games Red Wings % Correct
1,687Gordie Howe
100%
1,564Nicklas Lidström
100%
1,514Steve Yzerman
100%
515Syd Howe
100%
1,082Henrik Zetterberg
98%
953Pavel Datsyuk
98%
908Sergei Fedorov
92%
862Ted Lindsay
92%
716Brendan Shanahan
92%
1,137Kris Draper
90%
953Niklas Kronwall
90%
1,550Alex Delvecchio
84%
690Justin Abdelkader
84%
565Chris Osgood
84%
1,026Tomas Holmström
82%
516Jimmy Howard
82%
908Kirk Maltby
80%
570Sid Abel
76%
846Red Kelly
74%
481Gustav Nyquist
74%
875Norm Ullman
72%
659Darren McCarty
72%
607Vyacheslav Kozlov
72%
602Johan Franzén
72%
734Terry Sawchuk
72%
Games Red Wings % Correct
662Johnathan Ericsson
70%
558John Ogrodnick
70%
539Igor Larionov
68%
629Darren Helm
66%
609Dan Cleary
66%
578Chris Chelios
66%
563Gerald Gallant
54%
483Valtteri Filppula
54%
535Joe Kocur
50%
708Reed Larson
48%
552Martin Lapointe
48%
504Drew Miller
44%
616Mathieu Dandenault
42%
659Shawn Burr
40%
983Marcel Pronovost
38%
557Ebbie Goodfellow
34%
861Nick Libett
26%
706Gary Bergman
24%
489Larry Aurie
22%
484Herbie Lewis
22%
633Marty Pavelich
16%
675Bruce MacGregor
8%
502Jack Stewart
8%
501Paul Woods
8%
528Warren Godfrey
2%

You're not logged in!

Compare scores with friends on all Sporcle quizzes.
OR
Log In

Show Comments

Extras

Top Quizzes Today


Score Distribution

Your Account Isn't Verified!

In order to create a playlist on Sporcle, you need to verify the email address you used during registration. Go to your Sporcle Settings to finish the process.

Report this User

Report this user for behavior that violates our Community Guidelines.

Details: